|
|
|
|
| LEADER |
00000nam a2200000 a 4500 |
| 001 |
vtls009521055 |
| 003 |
SK-MaSNL |
| 005 |
20260301183023.0 |
| 008 |
240314 000 0 eng |
| 040 |
|
|
|a SNK
|b slo
|c SNK
|e AACR2
|
| 100 |
1 |
|
|a [Molnár, János]
|4 aut
|9 557705
|
| 245 |
1 |
0 |
|a Responsorvm ad eas hvivs temporis obiectiones, ...
|n Tomvs 1., Libro 1., Libro 2.
|p Popvlaribvs potissimvm obiectionibvs. Selectioribvs occvrritvr.
|c [Molnár János, podľa Petríka]
|
| 260 |
|
|
|a Cassoviae
|b Typis Ioannis Michaelis Landerer
|c 1789
|
| 300 |
|
|
|a 527 s.
|
| 999 |
|
|
|c 855583
|d 857513
|
| 952 |
|
|
|a SNK
|b SNK
|y PREZ
|7 0
|p 17X09521055001
|o snkSD 17459/1/1-2
|i snkF 2830/67
|8 5
|3 rekatalogizácia
|0 0
|1 0
|4 0
|d 2009-06-03
|l 0
|r 2026-02-24 04:55:20
|w 2026-02-24
|